LEADER 01029nam 2200349 450 001 990000873420203316 035 $a0087342 035 $aUSA010087342 035 $a(ALEPH)000087342USA01 035 $a0087342 100 $a20020115d1993----km-y0itay0103----ba 101 $aita 102 $aIT 105 $a||||||||001yy 200 1 $aRiforma ammnistrativa e istituzionale$ela formazione dei gruppi dirigenti$fGiorgio Brosio...et al. 210 $aRoma$cFormez$d1993 215 $a56 p$d24 cm 225 2 $aArchivi Formez$v52 410 $12001$aArchivi Formez$v52 606 0 $aAmministrazione pubblica$xOrganizzazione 676 $a350.0073 702 1$aBROSIO,$bGiorgio 801 0$aIT$bsalbc$gISBD 912 $a990000873420203316 951 $aIG V 462$b1678 EC$cIG V 959 $aBK 969 $aECO 979 $aPATTY$b90$c20020115$lUSA01$h1156 979 $c20020403$lUSA01$h1732 979 $aPATRY$b90$c20040406$lUSA01$h1700 996 $aRiforma ammnistrativa e istituzionale$9969148 997 $aUNISA LEADER 02489oas 2200853 a 450 001 9910333131003321 005 20251114213013.0 011 $a1873-3948 035 $a(DE-599)ZDB2012631-1 035 $a(DE-599)2012631-1 035 $a(OCoLC)38522873 035 $a(CONSER) 2005233173 035 $a(CKB)954925389229 035 $a(EXLCZ)99954925389229 100 $a19980227a19719999 sy a 101 0 $aeng 135 $aurmnu|||||||| 181 $ctxt$2rdacontent 182 $cc$2rdamedia 183 $acr$2rdacarrier 200 10$aCement and concrete research 210 $aOxford $cPergamon Press$d1971- 300 $aRefereed/Peer-reviewed 300 $aTitle from contents screen (ScienceDirect, viewed October 17, 2005). 311 08$a0008-8846 330 $a"The aim ... is to publish the best research on cement, cement composites, concrete and other allied materials that incorporate cement. In doing so, the journal will present: the results of research on the properties and performance of cement and concrete; novel experimental techniques; the latest analytical and modelling methods; the examination and the diagnosis of real cement and concrete structures; and the potential for improved materials." 606 $aCement$vPeriodicals 606 $aConcrete$vPeriodicals 606 $aCiment$vPe?riodiques 606 $aBe?ton$vPe?riodiques 606 $aCement$2fast$3(OCoLC)fst00850432 606 $aConcrete$2fast$3(OCoLC)fst00874126 606 $aSement$vTidsskrifter$2tekord 606 $aBetong$vTidsskrifter$2tekord 608 $aPeriodicals.$2fast 615 0$aCement 615 0$aConcrete 615 6$aCiment 615 6$aBe?ton 615 7$aCement. 615 7$aConcrete. 615 7$aSement 615 7$aBetong 801 0$bOH1 801 1$bOH1 801 2$bOCL 801 2$bOCLCQ 801 2$bGUA 801 2$bMUQ 801 2$bVRC 801 2$bGUA 801 2$bOCLCQ 801 2$bOCLCO 801 2$bOCLCQ 801 2$bOCLCF 801 2$bOCLCO 801 2$bSE4M6 801 2$bOCLCO 801 2$bOCLCQ 801 2$bOCLCO 801 2$bGUA 801 2$bNLE 801 2$bUKMGB 801 2$bCGU 801 2$bVT2 801 2$bOCLCQ 801 2$bOCLCO 801 2$bOCLCQ 801 2$bUAB 801 2$bOCLCQ 906 $aJOURNAL 912 $a9910333131003321 996 $aCement and concrete research$9796770 997 $aUNINA